[Event "Budapest FS11 IM-B"]
[Site "Budapest"]
[Date "1993.??.??"]
[Round "8"]
[White "Zupe, Miran"]
[Black "Bodrogi, Mihaly"]
[Result "1/2-1/2"]
[WhiteElo "2350"]
[BlackElo "2245"]

1.e4 c5 2.Nf3 Nc6 3.Bb5 Nd4 4.a4 g6 5.Nc3 Bg7 6.d3 Nf6 7.O-O O-O 8.Nxd4 cxd4
9.Ne2 d5 10.exd5 Nxd5 11.Bd2 Bd7 12.Bc4 Bc6 13.a5 Qd7 14.Re1 Rfe8 15.c3 e5
16.Ng3 Kh8 17.cxd4 exd4 18.Qb3 f5 19.Rxe8+ Rxe8 20.Re1 Rxe1+ 21.Bxe1 h5 22.Bd2 Bf6
23.Qd1 Qe8 24.Qe2 Qxe2 25.Nxe2 Kg7 26.Kf1 g5 27.g3 Kg6 28.h4 Ne7 29.hxg5 Bxg5
30.Bxg5 Kxg5 31.Nxd4 Kf6 32.Ke2 f4 33.Bb5 Bxb5 34.Nxb5 Nc6 35.a6 bxa6 36.Nc7 Nd4+
37.Kf1 fxg3 38.fxg3 Kf5 39.Kg2 Kg4 40.Nd5 a5 41.Ne3+ Kg5 42.Kf2 Kf6 43.Nc4 a4
44.Ke3 Nc2+ 45.Ke4 Kg5 46.Ne3 a3 47.Nxc2 axb2 48.Na3 Kg4 49.d4 Kxg3 50.d5 h4
51.d6 h3 52.d7 h2 53.d8=Q h1=Q+ 54.Ke5 Qh5+ 55.Kd6 Qh6+ 56.Kd7 Qd2+ 57.Kc8 Qc1+
58.Kb7  1/2-1/2

[Event "Budapest FS10 IM-A+"]
[Site "Budapest"]
[Date "1993.??.??"]
[Round "9"]
[White "Estrada Nieto, Julian"]
[Black "Gudat, Alfons"]
[Result "1-0"]
[WhiteElo "2230"]
[BlackElo "2125"]

1.e4 c5 2.Nf3 Nc6 3.Bb5 e6 4.O-O Nge7 5.b3 a6 6.Bxc6 Nxc6 7.Bb2 d6 8.d4 cxd4
9.Nxd4 Nxd4 10.Qxd4 e5 11.Qd3 Be7 12.Nc3 O-O 13.Nd5 Bg5 14.c4 f5 15.f3 Be6
16.Ba3 Rc8 17.Bxd6 Qxd6 18.Nf6+ Rxf6 19.Qxd6 Be3+ 20.Kh1 Bd4 21.Rad1 Bxc4
22.Qd7 Be6 23.Qxb7 Rc2 24.f4 Rg6 25.exf5 Bxf5 26.fxe5  1-0

[Event "Budapest FS09 GM"]
[Site "Budapest"]
[Date "1993.??.??"]
[Round "11"]
[White "Degerman, Lars"]
[Black "Rabiega, Robert"]
[Result "1/2-1/2"]
[WhiteElo "2460"]
[BlackElo "2455"]

1.e4 c5 2.Nf3 Nc6 3.Bb5 g6 4.Bxc6 dxc6 5.d3 Bg7 6.h3 e5 7.Be3 Qe7 8.Nbd2 Nf6
9.O-O O-O 10.a3 b6 11.Nc4 Nd7 12.Qe1 Ba6 13.Nfd2 f5 14.exf5 gxf5 15.f4 Rae8
16.Qg3 e4 17.Rae1 Nf6 18.b3 Qd8 19.Ne5 Nh5 20.Qh2 exd3 21.c4 Bxe5 22.fxe5 Re6
23.g4 Ng7 24.Kh1 Qe7 25.Nf3 fxg4 26.hxg4 Rg6 27.g5 Nf5 28.Bd2 b5 29.Nh4 Nxh4
30.Qxh4 Rxf1+ 31.Rxf1 bxc4 32.bxc4 Qxe5 33.Re1 Qf5 34.Qg3 Bc8 35.Qc7 Qh3+
36.Kg1 Qd7 37.Re7 Qxc7 38.Rxc7 Ba6 39.Rxa7 Bxc4 40.Ra5 Bd5 41.Rxc5 h6 42.Rc3 hxg5
43.Rxd3 g4 44.Kf2 Kf7 45.Kg3 Ke6 46.Rd4 Bf3 47.Bb4 Rg5 48.Rd6+ Ke5 49.a4 Rh5
50.Rd8 Rh3+ 51.Kf2 Bd5 52.Bd6+ Kd4 53.Bg3 Rh1 54.Rf8 Bf3 55.Bc7 Ra1 56.Bb6+ Ke4
57.Re8+ Kd5 58.a5 Ra3 59.Re3 Ra2+ 60.Kg3 c5 61.Re8 c4 62.Rc8 Be2 63.Kf2 Bd1+
64.Ke3 Ra3+ 65.Kd2  1/2-1/2

[Event "Budapest FS06 IM"]
[Site "Budapest"]
[Date "1993.??.??"]
[Round "12"]
[White "Hjelm, Niclas"]
[Black "Bodrogi, Mihaly"]
[Result "1-0"]
[WhiteElo "2255"]
[BlackElo "2245"]

1.e4 c5 2.Nf3 Nc6 3.Bb5 g6 4.O-O Bg7 5.Re1 a6 6.Bxc6 bxc6 7.h3 Nf6 8.e5 Nd5
9.c4 Nc7 10.d4 cxd4 11.Qxd4 O-O 12.Nc3 f6 13.exf6 Bxf6 14.Qd3 d5 15.Bh6 Bg7
16.Bxg7 Kxg7 17.Rad1 e6 18.Ne5 Qd6 19.Qe3 c5 20.Na4 d4 21.Qa3 Rb8 22.b3 Rb4
23.Nxc5 Rb8 24.Ned7 Rf5 25.Nxe6+  1-0

[Event "Wch U20 Girls"]
[Site "Buenos Aires"]
[Date "1993.??.??"]
[Round "?"]
[White "Gaponenko, Inna"]
[Black "Rajcsanyi, Zita"]
[Result "1/2-1/2"]
[WhiteElo "2290"]
[BlackElo "2145"]

1.e4 c5 2.Nf3 Nc6 3.Bb5 g6 4.Bxc6 dxc6 5.O-O Bg7 6.d3 Nf6 7.Re1 O-O 8.h3 Qc7
9.Nc3 b6 10.Be3 Rd8 11.Qe2 Nh5 12.Qd2 e5 13.Ne2 Ba6 14.Rad1 c4 15.Qc3 cxd3
16.cxd3 Rd7 17.g4 Nf4 18.Bxf4 exf4 19.d4 c5 20.e5 cxd4 21.Qxc7 Rxc7 22.Nxf4 Re8
23.Nd5 Rd7 24.Rxd4 Bb7 25.Red1 Kf8 26.Nf6 Rxd4 27.Nxd4 Bxf6 28.exf6 h6 29.Kh2 Rc8
30.Kg3 a6 31.h4 Ke8 32.g5 hxg5 33.hxg5 Rc5 34.f4 Rd5 35.Kf2 Kd7 36.Ke3 Kd6
37.Rd2 b5 38.Rh2 Kc5 39.Rc2+ Kb6 40.b4 Rd8 41.Rh2 Re8+ 42.Kd3 Be4+ 43.Kd2 Bd5
44.Re2 Rxe2+ 45.Kxe2 Bxa2 46.f5 gxf5 47.Nxf5 a5 48.bxa5+ Kxa5 49.Kd2 Kb4
50.Kc2 Kc5 51.Kc3 b4+ 52.Kb2 Be6 53.Ne7 Kd6 54.g6 fxg6 55.Nxg6 Bf7  1/2-1/2

[Event "Buenos Aires op1"]
[Site "Buenos Aires"]
[Date "1993.??.??"]
[Round "1"]
[White "Benko, Francisco"]
[Black "Roman, Facundo"]
[Result "1-0"]
[WhiteElo "2220"]
[BlackElo "2345"]

1.e4 c5 2.Nf3 Nc6 3.Bb5 e6 4.O-O Nge7 5.Re1 a6 6.Bf1 d5 7.exd5 Nxd5 8.d4 cxd4
9.Nxd4 Bc5 10.Nb3 Ba7 11.Qe2 O-O 12.c4 Nde7 13.Rd1 Qc7 14.Be3 Bxe3 15.Qxe3 Nf5
16.Qc3 e5 17.Na3 Nfd4 18.Nc2 Nxb3 19.axb3 Bg4 20.f3 Be6 21.b4 Rad8 22.Kh1 Rxd1
23.Rxd1 Rd8 24.Rxd8+ Qxd8 25.Qd3 Qh4 26.g3 Qf6 27.Qc3 h5 28.Kg2 h4 29.b5 axb5
30.cxb5 Nd4 31.Nxd4 exd4 32.Qd2 hxg3 33.hxg3 Bd5 34.Qf4 Qxf4 35.gxf4 Kf8
36.Bd3 Ke7 37.Kf2 Kd6 38.b4 Kc7 39.f5 Kb6 40.Kg3 Bb3 41.Kf4 Ba4 42.Ke5 Bxb5
43.Kxd4 Bxd3 44.Kxd3 Kb5 45.Kc3 Ka4 46.Kc4 b6 47.f4 f6 48.Kd5 Kxb4 49.Ke6 Kc5
50.Kf7 Kd6  1-0

[Event "Buenos Aires FMD op"]
[Site "Buenos Aires"]
[Date "1993.??.??"]
[Round "4"]
[White "Spangenberg, Hugo"]
[Black "Del Rey, Diego"]
[Result "1-0"]
[WhiteElo "2535"]
[BlackElo "2400"]

1.e4 c5 2.Nf3 Nc6 3.Bb5 e6 4.O-O Nge7 5.b3 a6 6.Bxc6 Nxc6 7.Bb2 b5 8.a4 b4
9.d4 cxd4 10.Nxd4 Bb7 11.Re1 Qg5 12.Nd2 Nxd4 13.Bxd4 Be7 14.Re3 Bf6 15.Nf3 Qh6
16.Rc1 Bxd4 17.Qxd4 O-O 18.Qxb4 Rab8 19.Rd1 f5 20.Qe1 Bxe4 21.Ne5 Bxc2 22.Rd2 Rfc8
23.h3 Rxb3 24.Rxc2  1-0

[Event "Buenos Aires FMD op"]
[Site "Buenos Aires"]
[Date "1993.??.??"]
[Round "5"]
[White "Cativelli, Gerardo"]
[Black "Mendez, Ernesto"]
[Result "0-1"]
[WhiteElo "2225"]
[BlackElo "2390"]

1.e4 c5 2.Nf3 Nc6 3.Bb5 g6 4.O-O Bg7 5.c3 e5 6.d4 cxd4 7.cxd4 Nxd4 8.Nxd4 exd4
9.e5 Ne7 10.Qxd4 O-O 11.Bf4 Nc6 12.Qd6 a6 13.Bc4 Qa5 14.Bd5 Qb4 15.Qxb4 Nxb4
16.Nc3 d6 17.Rfd1 dxe5 18.Bg5 Nc2 19.Rac1 Nd4 20.Kf1 h6 21.Be3 Rd8 22.h3 g5
23.Be4 Rb8 24.g4 Be6 25.b3 Rd7 26.Na4 b6 27.Bxd4 Rxd4 28.Rxd4 exd4 29.Rc6 h5
30.f3 hxg4 31.hxg4 Bd7 32.Rxb6 Rc8 33.Ke2 Be5 34.Bd3 Rc1 35.Nb2 a5 36.Nc4 Bf4
37.Ra6 a4 38.bxa4 Ra1 39.Ra7 Rxa2+ 40.Kf1 Bxa4 41.Ra8+ Kg7 42.Nb6 Rd2 43.Be2 Bd1
44.Re8 d3 45.Bxd1 Rxd1+ 46.Re1 Rd2 47.Nc4 Rc2 48.Rd1 Rxc4 49.Rxd3 Kf6 50.Rb3 Ke5
51.Rb2 Be3 52.Rb5+ Rc5 53.Rb4 Bd4 54.Ke2 Rc2+ 55.Kd3 Rc3+  0-1

[Event "Buenos Aires Najdorf op"]
[Site "Buenos Aires"]
[Date "1993.??.??"]
[Round "6"]
[White "Ricardi, Pablo"]
[Black "Bruno, Alejandro P"]
[Result "1-0"]
[WhiteElo "2480"]
[BlackElo "2275"]

1.e4 c5 2.Nf3 Nc6 3.Bb5 e6 4.O-O Nge7 5.c3 a6 6.Ba4 c4 7.Qe2 b5 8.Bc2 d5
9.a4 Rb8 10.axb5 axb5 11.d4 dxe4 12.Bxe4 Nd5 13.Bg5 Be7 14.Bxe7 Ncxe7 15.Ne5 O-O
16.Nd2 Qb6 17.Bc2 Nf6 18.Ne4 Nxe4 19.Bxe4 Ng6 20.Bxg6 hxg6 21.Rfe1 Bb7 22.Qg4 Qd6
23.Re3 Ra8 24.Rae1 Qe7 25.h4 Rfd8 26.Rh3 Qf6 27.h5 gxh5 28.Rxh5 g6 29.Nxg6 fxg6
30.Rxe6  1-0

[Event "Buenos Aires Najdorf op"]
[Site "Buenos Aires"]
[Date "1993.??.??"]
[Round "6"]
[White "Schweber, Samuel"]
[Black "Restifa, Hector"]
[Result "0-1"]
[WhiteElo "2365"]
[BlackElo "2315"]

1.e4 c5 2.Nf3 Nc6 3.Bb5 e6 4.O-O Nge7 5.Re1 a6 6.Bf1 g6 7.c3 Bg7 8.d4 cxd4
9.cxd4 d5 10.e5 Qb6 11.Na3 Nf5 12.Nc2 Bd7 13.b3 a5 14.Ba3 Nb4 15.Bxb4 axb4
16.Qd2 Bf8 17.g4 Ng7 18.Rec1 h5 19.h3 Be7 20.Qf4 Bb5 21.Bxb5+ Qxb5 22.Ng5 O-O
23.Nf3 Rfc8 24.Ne3 Qe2 25.Re1 Qb2 26.Reb1 Qe2 27.Re1 Qb2 28.Reb1 Qc3 29.Rd1 Qc7
30.Rd2 Qd8 31.Nf1 Rc3 32.Ne3 Rxb3 33.axb3 Rxa1+ 34.Rd1 g5 35.Qg3 Rxd1+ 36.Nxd1 Qc7
37.Ne1 Qc1 38.Qd3 hxg4 39.hxg4 f6 40.exf6 Bxf6 41.Nf3 Qf4 42.Kf1 Qxg4 43.Ne5 Bxe5
44.dxe5 Nf5 45.Qc2 Qh3+ 46.Ke1 Qh1+ 47.Kd2 d4 48.Qc8+ Kf7 49.Qd7+ Ne7 50.Qd6 Qd5
51.Qxb4 Ng6 52.Qb6 Nxe5 53.Qc7+ Kg6 54.Qc2+ Kf6 55.Qh7 Ng6 56.Qh3 e5 57.f3 Qxb3
58.Qd7 Qxf3 59.Qd8+ Kg7  0-1

[Event "Buenos Aires CAA op"]
[Site "Buenos Aires"]
[Date "1993.??.??"]
[Round "7"]
[White "Fiorito, Fabian"]
[Black "Pierrot, Facundo"]
[Result "1-0"]
[WhiteElo "2435"]
[BlackElo "2315"]

1.e4 c5 2.Nf3 Nc6 3.Bb5 e6 4.O-O Nge7 5.Nc3 a6 6.Bxc6 Nxc6 7.d4 cxd4 8.Nxd4 d6
9.Nxc6 bxc6 10.Qg4 g6 11.Bg5 Be7 12.Bh6 f6 13.Rad1 Qc7 14.Qg3 Rb8 15.b3 Kf7
16.f4 d5 17.Kh1 Bf8 18.Qh4 Bxh6 19.Qxh6 Bd7 20.Rd3 Rbe8 21.e5 f5 22.Rfd1 c5
23.Nxd5 exd5 24.Rxd5 Be6 25.Rd6 Qb7 26.Qh4 Qe7 27.Qf2 Qc7 28.Rxa6 Ra8 29.Rxa8 Rxa8
30.Qh4 Kg8 31.h3 Qf7 32.Qf2 c4 33.Qb6 Rxa2 34.Rd6 Rxc2 35.Rxe6 cxb3 36.Qxb3 Rc7
37.Qb8+ Kg7 38.Rf6 Qe7 39.Rd6 Rb7 40.Qd8 Qxd8 41.Rxd8 Rb4 42.Rd7+ Kf8 43.g3 h5
44.Kg2 h4 45.Rd3 Kf7 46.Kf3 hxg3 47.Kxg3 Re4 48.Rd7+ Kf8 49.Kh4 Ke8 50.Ra7 Rxf4+
51.Kg5 Re4 52.Kf6 Rc4 53.Ra8+ Kd7 54.e6+  1-0

[Event "Buenos Aires FMD op"]
[Site "Buenos Aires"]
[Date "1993.??.??"]
[Round "7"]
[White "Ricardi, Pablo"]
[Black "Mendez, Ernesto"]
[Result "1/2-1/2"]
[WhiteElo "2470"]
[BlackElo "2390"]

1.e4 c5 2.Nf3 Nc6 3.Bb5 g6 4.O-O Bg7 5.c3 Nf6 6.Qe2 O-O 7.e5 Ne8 8.d4 cxd4
9.cxd4 Nc7 10.Nc3 Nxb5 11.Qxb5 d6 12.Bg5 Bg4 13.Qxb7 Bxf3 14.gxf3 Nxd4 15.exd6 Qxd6
16.Bxe7 Nxf3+ 17.Kg2 Qxh2+ 18.Kxf3 Qh3+ 19.Ke4 f5+ 20.Kf4 g5+ 21.Bxg5 Qg4+
22.Ke3 Qxg5+ 23.f4 Rfe8+ 24.Kd3 Qd8+ 25.Kc2 Rb8 26.Qg2 Qd4 27.Rf3 Re3 28.Rxe3 Qxe3
29.Rg1 Rxb2+ 30.Kxb2 Qxc3+ 31.Kb1 Qa1+ 32.Kc2 Qxa2+ 33.Kd3 Qb3+ 34.Ke2 Qc2+
35.Ke3 Qc3+ 36.Ke2 Qc4+ 37.Ke3 Qc5+ 38.Ke2 Qc2+ 39.Ke3 Qc5+ 40.Kd3 Qb5+ 41.Ke3 Qb6+
42.Kd3 Qd4+ 43.Ke2 h6 44.Qg6 Qe4+ 45.Kd1  1/2-1/2

[Event "Buenos Aires Najdorf op"]
[Site "Buenos Aires"]
[Date "1993.??.??"]
[Round "7"]
[White "Tempone, Marcelo"]
[Black "Adla, Diego"]
[Result "0-1"]
[WhiteElo "2450"]
[BlackElo "2455"]

1.Nf3 c5 2.e4 Nc6 3.Bb5 d6 4.O-O Bd7 5.Re1 Nf6 6.c3 a6 7.Bf1 Bg4 8.h3 Bxf3
9.Qxf3 g6 10.Na3 Bg7 11.Nc2 Nd7 12.d3 O-O 13.Qg3 b5 14.Be3 Qb6 15.Bd2 b4
16.Ne3 bxc3 17.bxc3 Rfb8 18.Rac1 Qd8 19.Rc2 Na7 20.Ng4 Qf8 21.f4 Nb5 22.e5 Na3
23.Rcc1 Rb2 24.Rcd1 e6 25.Bc1 Rxa2 26.d4 d5 27.c4 Nxc4 28.Bxc4 dxc4 29.d5 exd5
30.Rxd5 Nb6 31.Rd6 Nc8 32.Rd7 Ne7 33.Qh4 Nf5 34.Nf6+ Bxf6 35.Qxf6 Qg7 36.Qc6 Rf8
37.Qxc5 Nh4 38.e6 Rxg2+ 39.Kh1 Nf3 40.exf7+ Qxf7  0-1

[Event "Cannes op2"]
[Site "Cannes"]
[Date "1993.??.??"]
[Round "?"]
[White "Boudre, Jean Pierre"]
[Black "Lanka, Zigurds"]
[Result "0-1"]
[WhiteElo "2380"]
[BlackElo "2545"]

1.e4 c5 2.Nf3 Nc6 3.Bb5 g6 4.O-O Bg7 5.c3 Nf6 6.Re1 O-O 7.h3 e5 8.Na3 Ne8
9.Nc2 Nc7 10.a4 Ne6 11.d3 Kh8 12.b4 cxb4 13.cxb4 d6 14.Bc4 f5 15.b5 Ne7 16.Nb4 h6
17.Ra3 g5 18.exf5 Nxf5 19.Bxe6 Bxe6 20.d4 a5 21.bxa6 Qb6 22.axb7 Qxb7 23.d5 Qxb4
24.dxe6 e4 25.Rb3 Qxa4 26.Nxg5 hxg5 27.Qh5+ Kg8 28.Rb7 Qa5 29.Rd1 Qe5 30.Bb2 Qxe6
31.Qxg5 Rf7 32.Rxf7 Kxf7 33.Bxg7 Rg8 34.Qf4 Rxg7 35.g4 Qe5 36.Qxe5 dxe5 37.Re1 Nd6
38.Kg2 Ke6 39.Re2 Rf7 40.Re3 Kd5 41.Re1 Rf4 42.Rd1+ Ke6 43.Rc1 Rf3 44.Rc6 Rd3
45.h4 e3 46.fxe3 Kd5 47.Ra6 Ke4 48.h5 Kxe3 49.h6 Ne4 50.h7 Rd2+ 51.Kg1 Rd8
52.Rh6 Rh8 53.Rh5 Kf4 54.Rf5+ Kg3 55.g5 Rxh7 56.Rxe5 Nd2  0-1

[Event "Capablanca mem-A"]
[Site "?"]
[Date "1993.??.??"]
[Round "6"]
[White "Spangenberg, Hugo"]
[Black "Hernandez, Gilberto"]
[Result "1-0"]
[WhiteElo "2505"]
[BlackElo "2505"]

1.e4 c5 2.Nf3 Nc6 3.Bb5 e6 4.O-O Nge7 5.b3 a6 6.Bxc6 Nxc6 7.Bb2 b5 8.a4 b4
9.d4 cxd4 10.Nxd4 Bb7 11.Nxc6 Bxc6 12.Qg4 h5 13.Qe2 Qg5 14.Nd2 h4 15.h3 Bc5
16.Nf3 Qh5 17.Rfe1 f6 18.c4 O-O 19.Bd4 Be7 20.Qe3 a5 21.Rad1 Rf7 22.Bb6 e5
23.Bc5 Bxc5 24.Qxc5 Qh6 25.Rd6 Qf4 26.Qe3 Qxe3 27.Rxe3 g5 28.Nh2 Kg7 29.Ng4 Re8
30.f3 Ra8 31.Red3 Rb8 32.Ne3 Ra8 33.Kf2 Kg6 34.Nf5 Rb8 35.Rd1 Rh8 36.Ne3 Kg7
37.c5 Ra8 38.g3 hxg3+ 39.Kxg3 Kg6 40.Nc4 Kg7 41.Rh1 Kf8 42.h4 gxh4+ 43.Rxh4 Ke7
44.Kf2 Rc8 45.Ne3 Rcf8 46.Ng4 Ke8 47.Ke2 f5 48.Nxe5 fxe4 49.fxe4 Rf2+ 50.Ke3 Rb2
51.Nxc6 Rxb3+ 52.Kd4 dxc6 53.Rxc6 Rb1 54.Rc8+  1-0

[Event "Capablanca mem-A"]
[Site "?"]
[Date "1993.??.??"]
[Round "12"]
[White "Zarnicki, Pablo"]
[Black "Vilela, Jose Luis"]
[Result "1/2-1/2"]
[WhiteElo "2470"]
[BlackElo "2430"]

1.e4 c5 2.Nf3 Nc6 3.Bb5 g6 4.O-O Bg7 5.Re1 Nf6 6.c3 O-O 7.h3 a6 8.Bxc6 bxc6
9.d4 cxd4 10.e5 Nd5 11.cxd4 d6 12.Nc3 Nxc3 13.bxc3 Be6 14.Bg5 Qd7 15.exd6 exd6
16.Qd2 Rfe8 17.Nh2 a5 18.a3 a4 19.h4 f6 20.Bh6 Bh8 21.Qf4 Bf7 22.Ng4 f5 23.Nh2 Rxe1+
24.Rxe1 Re8 25.Rxe8+ Bxe8 26.g4 Qe6 27.Nf3 Bd7 28.gxf5 gxf5 29.Qg5+ Qg6 30.Qxg6+ hxg6
31.Bf4 Be6 32.Bxd6 Bd5 33.Ng5 Bf6 34.f4 Bxg5 35.fxg5 Kf7 36.Kf2 Ke6 37.Bb8 Bc4
38.Ke3 Bb5 39.Be5 Bc4 40.h5 gxh5 41.g6 h4 42.Kf4 h3 43.Kg5 Kd5 44.Kxf5 Bd3+
45.Kg5 c5 46.g7 Bh7 47.Kh4 cxd4 48.cxd4 h2 49.Bxh2 Kxd4 50.Kg5 Kd5 51.Kf6 Bg8
52.Ke7 Kc6 53.Kf8 Bb3 54.g8=Q Bxg8 55.Kxg8 Kb7 56.Kf7 Ka8 57.Ke7 Kb7 58.Kd7 Ka8
59.Kc7 Ka7 60.Kc8 Ka8  1/2-1/2

[Event "Cappelle op"]
[Site "Cappelle la Grande"]
[Date "1993.??.??"]
[Round "1"]
[White "Wians, Camille"]
[Black "Yakovich, Yuri"]
[Result "1/2-1/2"]
[WhiteElo "2265"]
[BlackElo "2510"]

1.e4 c5 2.Nf3 Nc6 3.Bb5 g6 4.O-O Bg7 5.c3 Nf6 6.e5 Nd5 7.d4 cxd4 8.Bxc6 dxc6
9.Qxd4 Bf5 10.Nbd2 O-O 11.Re1 Qd7 12.Nb3 Bg4 13.Nc5 Qc8 14.Qe4 b6 15.Nb3 f6
16.e6 f5 17.Qe2 Rd8 18.h3 Bh5 19.c4 Nb4 20.Bg5 Qc7 21.Rad1 Nxa2 22.Rd7 Rxd7
23.exd7 Qxd7 24.Rd1 Bxf3 25.gxf3 Qe8 26.Qe6+ Kh8 27.Rd7 Qg8 28.Qxe7 Qf8 29.Qe6 Re8
30.Qxc6 Nb4 31.Qb7 Rb8 32.Qxa7 Nc6 33.Qc7 Ne5 34.Rxg7 Nxf3+ 35.Kg2 Nxg5 36.Qe5 Qxg7
37.Qxb8+ Qg8 38.Qxb6 Qa8+ 39.Kg1 Nf3+ 40.Kf1 Qe4 41.Qb8+ Kg7 42.Qa7+  1/2-1/2

[Event "Cappelle op"]
[Site "Cappelle la Grande"]
[Date "1993.??.??"]
[Round "2"]
[White "Galego, Luis"]
[Black "Murrey, Jacob"]
[Result "1/2-1/2"]
[WhiteElo "2390"]
[BlackElo "2530"]

1.e4 c5 2.Nf3 Nc6 3.Bb5 Nf6 4.Nc3 e5 5.Bxc6 dxc6 6.Nxe5 Nxe4 7.Nxe4 Qd5 8.O-O Qxe5
9.Re1 Be7 10.d3 O-O 11.Ng5 Qc7 12.Qf3 h6 13.Bf4 Qd8 14.Ne4 Be6 15.Qg3 Kh7
16.Be5 Rg8 17.Rad1 Qc8 18.Bd6 Bxd6 19.Nxd6 Qd7 20.Ne4 b6 21.Qh4 Rge8 22.h3 Qe7
23.Qxe7 Rxe7 24.b3 Rd7 25.f4 Bd5 26.Kf2  1/2-1/2

[Event "Cappelle op"]
[Site "Cappelle la Grande"]
[Date "1993.??.??"]
[Round "2"]
[White "Vezzosi, Paolo"]
[Black "Arakhamia, Ketevan"]
[Result "0-1"]
[WhiteElo "2305"]
[BlackElo "2440"]

1.e4 c5 2.Nf3 Nc6 3.Bb5 e6 4.O-O Nge7 5.c4 Nd4 6.Nxd4 cxd4 7.d3 g6 8.Bf4 Bg7
9.Qd2 O-O 10.Bd6 Re8 11.c5 b6 12.Na3 Bb7 13.Rfc1 Nc8 14.Bg3 a6 15.c6 dxc6
16.Bxc6 Bxc6 17.Rxc6 b5 18.Rac1 e5 19.R1c5 Nb6 20.Nc2 Na4 21.Rd5 Qe7 22.f4 Rec8
23.Rxc8+ Rxc8 24.fxe5 Nb6 25.Rd6 Nd7 26.Nxd4 Nxe5 27.Rd5 Ng4 28.Nb3 Bh6 29.Qe1 Rc2
30.Qa5 Rxb2 31.Qd8+ Qxd8 32.Rxd8+ Kg7 33.Kf1 Rxa2  0-1

[Event "Cappelle op"]
[Site "Cappelle la Grande"]
[Date "1993.??.??"]
[Round "3"]
[White "Lupu, Mircea Sergiu"]
[Black "Wegerer, Fred"]
[Result "0-1"]
[WhiteElo "2435"]
[BlackElo "2235"]

1.e4 c5 2.Nf3 Nc6 3.Bb5 e6 4.Bxc6 bxc6 5.O-O Ne7 6.Nc3 Ng6 7.e5 Be7 8.d4 cxd4
9.Qxd4 c5 10.Qe3 Bb7 11.Ne4 O-O 12.Bd2 Qc7 13.Bc3 Qc6 14.Rfe1 Rfd8 15.Rad1 Qa4
16.b3 Qxa2 17.Qe2 Qa6 18.Qxa6 Bxa6 19.Ba5 Rdb8 20.Rxd7 c4 21.bxc4 Bxc4 22.Nd6 Bd5
23.Nd4 Bd8 24.Bc3 Bb6 25.h3 Rd8 26.Rxd8+ Rxd8 27.Nb3 f6 28.Bb4 Nxe5 29.Rd1 a5
30.Ba3 a4 31.Nd4 Nc4 32.Nxc4 Bxc4 33.c3 e5 34.Rb1 Bxd4 35.cxd4 exd4 36.Bc1 Bb3
37.Bd2 Rc8 38.Re1 Kf7 39.Re4 d3 40.Rd4 Bc2 41.f4 h5 42.f5 Ke7 43.Rb4 Kd6
44.Rb7 Ke5 45.Rxg7 Kxf5 46.Rh7 Bb3 47.Rxh5+ Ke6 48.Rh7 Rc2 49.Be3 Re2 50.Bc5  0-1

[Event "Cappelle op"]
[Site "Cappelle la Grande"]
[Date "1993.??.??"]
[Round "3"]
[White "Carlier, Bruno"]
[Black "Yakovich, Yuri"]
[Result "1-0"]
[WhiteElo "2355"]
[BlackElo "2510"]

1.e4 c5 2.Nf3 Nc6 3.Bb5 g6 4.Bxc6 bxc6 5.O-O Bg7 6.Re1 f6 7.c3 Nh6 8.d4 cxd4
9.cxd4 O-O 10.Bf4 Nf7 11.Nc3 d6 12.h3 g5 13.Be3 h6 14.Qd3 e6 15.Rac1 f5 16.exf5 exf5
17.b4 f4 18.Bd2 h5 19.Qg6 g4 20.hxg4 hxg4 21.Nh2 Ng5 22.Bxf4 g3 23.Bxg3 Bf5
24.Qxd6 Bxd4 25.Qxc6 Rc8 26.Qd5+ Kh7 27.Qxd8 Rfxd8 28.Nb5 Rxc1 29.Rxc1 Bb6
30.Nd6 Be6 31.a4 Kg6 32.a5 Bd4 33.Nf1 Rb8 34.b5 Rf8 35.Ne3 Rf6 36.Ne8 Rf8
37.Nc7 Bc8 38.Ncd5 Ne4 39.Rxc8 Rxc8 40.Ne7+  1-0

[Event "Cappelle op"]
[Site "Cappelle la Grande"]
[Date "1993.??.??"]
[Round "4"]
[White "Ferretti, Folco"]
[Black "Fogarasi, Tibor"]
[Result "0-1"]
[WhiteElo "2260"]
[BlackElo "2395"]

1.e4 c5 2.Nf3 Nc6 3.Bb5 d6 4.O-O Bd7 5.Re1 Nf6 6.c3 a6 7.Bf1 Bg4 8.d3 g6
9.Nbd2 Bg7 10.h3 Bxf3 11.Nxf3 O-O 12.d4 cxd4 13.cxd4 Rc8 14.b3 d5 15.e5 Ne4
16.Bd3 f6 17.exf6 exf6 18.Bb2 Re8 19.Rc1 Bh6 20.Rc2 Rc7 21.Bc1 Bg7 22.a3 Qd6
23.b4 f5 24.b5 axb5 25.Bxb5 Rec8 26.a4 h6 27.Qd3 Kh7 28.Ba3 Qf6 29.Rec1 g5
30.Bxc6 Rxc6 31.Ne5 Rxc2 32.Rxc2 Rxc2 33.Qxc2 Qb6 34.Qc8 Qb1+ 35.Qc1 Qxc1+
36.Bxc1 Nc3 37.Kf1 Nxa4 38.Ke2 Nc3+ 39.Kd3 Nb5 40.f4 Bxe5 41.dxe5 gxf4 42.Bxf4 Nc7
43.Bd2 Ne6 44.g3 h5 45.Kc3 Kg6 46.Kb4 Kf7 47.Kb5 Nd4+ 48.Kc5 Nb3+ 49.Kd6 Nxd2
50.Kd7 Ne4  0-1

[Event "Cattolica"]
[Site "Cattolica"]
[Date "1993.??.??"]
[Round "5"]
[White "Mahdi, Khaled"]
[Black "Dokhoian, Yury"]
[Result "1/2-1/2"]
[WhiteElo "2420"]
[BlackElo "2550"]

1.e4 c5 2.Nf3 Nc6 3.Bb5 g6 4.O-O Bg7 5.Bxc6 dxc6 6.d3 e5 7.a4 Qe7 8.a5 Nf6
9.b3 O-O 10.Nc3 Ne8 11.Ba3 Nc7 12.Na4 Ne6 13.Qe1 Rb8 14.b4 cxb4 15.Qxb4 Qxb4
16.Bxb4 Rd8 17.Rfb1 f6 18.Nd2 Bf8 19.Bxf8 Kxf8 20.Nb3 Ke7 21.f3 Kd6 22.Kf2 b5
23.axb6 axb6 24.Ke3 Bd7 25.Nc3 Ra8 26.Ne2 c5 27.Nd2 b5 28.c3 Bc6 29.d4 cxd4+
30.cxd4 exd4+ 31.Nxd4 Nxd4 32.Kxd4 Kc7+ 33.Ke3 Rxa1 34.Rxa1 Kb6 35.Nb3 Be8
36.h4 Bf7 37.Nd2 h5 38.g4 Rh8 39.Kd4 Be6 40.gxh5 Rxh5 41.Ra8 Rxh4 42.Re8 Bd7
43.Rb8+ Kc7 44.Rg8 g5 45.Rg6 Rf4 46.Kc5 g4 47.fxg4 Bxg4 48.Kxb5 Kd6 49.Kc4 Ke6
50.Kd4  1/2-1/2

[Event "Ceske Budejovice op"]
[Site "Ceske Budejovice"]
[Date "1993.??.??"]
[Round "4"]
[White "Roj, Miroslav"]
[Black "Nun, Josef"]
[Result "1-0"]
[WhiteElo "2135"]
[BlackElo "2370"]

1.e4 c5 2.Nf3 Nc6 3.Bb5 g6 4.O-O Bg7 5.Re1 e5 6.c3 Nge7 7.d3 O-O 8.a3 d6
9.Bc4 h6 10.Be3 Kh7 11.d4 b6 12.b4 exd4 13.cxd4 cxb4 14.axb4 d5 15.exd5 Nxb4
16.Qb3 Nbxd5 17.Bc1 Be6 18.Ba3 Re8 19.Nc3 Nxc3 20.Bxe6 fxe6 21.Qxc3 Nd5 22.Qd3 a5
23.Re4 Rc8 24.Rg4 Qf6 25.Nh4 Nf4 26.Qf3 Qxd4 27.Rd1 Rc3 28.Rxd4 Rxf3 29.Nxf3 Ne2+
30.Kf1 Nxd4 31.Nxd4 e5 32.Re4 Rc8 33.Nb5 Rc2 34.Re2 Rc4 35.Rd2 e4 36.Rd7 Kg8
37.Rd6 Kf7 38.Rxb6 Be5 39.h3 Rc2 40.Nd6+ Bxd6 41.Bxd6 h5 42.Be5 Rc5 43.Bf4 Rc2
44.Rb1 Ke6 45.Ra1  1-0

[Event "Ceske Budejovice op"]
[Site "Ceske Budejovice"]
[Date "1993.??.??"]
[Round "7"]
[White "Velicka, Petr"]
[Black "Karlik, Vladimir"]
[Result "1-0"]
[WhiteElo "2420"]
[BlackElo "2280"]

1.e4 c5 2.Nf3 Nc6 3.Bb5 Nf6 4.Nc3 g6 5.e5 Ng4 6.Bxc6 dxc6 7.h3 Nh6 8.g4 f5
9.g5 Nf7 10.d3 Bg7 11.Qe2 Be6 12.Bf4 Qa5 13.Bd2 Qc7 14.O-O-O O-O-O 15.h4 Bd5
16.Nxd5 cxd5 17.e6 Ne5 18.Nxe5 Bxe5 19.Rde1 Bf4 20.h5 Bxd2+ 21.Qxd2 f4 22.Qe2 Rdf8
23.Qe5 Rhg8 24.hxg6 hxg6 25.Rh7 Qd6 26.Rf7 Rh8 27.Qxd6 exd6 28.Rf6 Rxf6 29.gxf6 Kd8
30.e7+ Ke8 31.Re6  1-0

[Event "JUG-chT"]
[Site "Cetinje"]
[Date "1993.??.??"]
[Round "?"]
[White "Nevednichy, Vladislav"]
[Black "Damljanovic, Branko"]
[Result "1/2-1/2"]
[WhiteElo "2535"]
[BlackElo "2570"]

1.e4 c5 2.Nf3 Nc6 3.Bb5 e6 4.Bxc6 bxc6 5.d3 Ne7 6.Bd2 Ng6 7.h4 h5 8.e5 Be7
9.Bc3 f6 10.Nbd2 d5 11.exd6 Qxd6 12.Nc4 Qd5 13.Ne3 Qd7 14.g3 e5 15.Nd2 Nf8
16.f4 exf4 17.gxf4 Ne6 18.Qf3 Nd4 19.Qf2 Qe6 20.Nc4 Ba6 21.O-O-O O-O-O 22.f5 Qd7
23.Rhg1 Rhg8 24.Be1 Rde8 25.c3 Nb5 26.Qf3 Nc7 27.Qxh5 Nd5 28.Qf3 Nxe3 29.Nxe3 Bd6
30.d4 Qc7 31.Bg3 Bxg3 32.Rxg3 cxd4 33.Rxd4 Bb7 34.Qf4 Qxf4 35.Rxf4 Re7 36.b4 Ba6
37.Kd2 Rd8+ 38.Rd4 Rxd4+ 39.cxd4 Kc7 40.h5 Bc8 41.Rg6 Rf7 42.h6 gxh6 43.Rxh6 Bd7
44.Kd3 Kd6 45.Ke4 Ke7 46.Kf4 Bc8 47.a4 Ba6 48.Rh8 Be2 49.Rh1 a6 50.Ra1 Bd3
51.Rh1 a5 52.bxa5 Kd6 53.Rd1 Ba6 54.Rb1 Ra7 55.Rb6 Bd3 56.d5 Rxa5 57.Rxc6+ Ke7
58.Re6+ Kf7 59.Kf3 Rxa4 60.Rc6 Rd4 61.Rc7+ Kf8 62.Rd7 Ke8 63.Rd6 Ke7 64.Re6+ Kf7
65.Ng4 Rxd5 66.Rxf6+ Kg7 67.Rg6+ Kf8  1/2-1/2

[Event "JUG-chT"]
[Site "Cetinje"]
[Date "1993.??.??"]
[Round "?"]
[White "Nevednichy, Vladislav"]
[Black "Simic, Radoslav"]
[Result "1-0"]
[WhiteElo "2535"]
[BlackElo "2470"]

1.e4 c5 2.Nf3 Nc6 3.Bb5 g6 4.Bxc6 dxc6 5.h3 Bg7 6.d3 e5 7.Nc3 Qe7 8.Be3 Nf6
9.Qd2 Nd7 10.Bh6 f6 11.Bxg7 Qxg7 12.Qe3 b6 13.Nd2 O-O 14.O-O-O Re8 15.f4 exf4
16.Qxf4 Ne5 17.g4 Be6 18.Rhf1 Rf8 19.Rf2 Qc7 20.Kb1 Rf7 21.Rdf1 Raf8 22.Nf3 Nxf3
23.Qxc7 Rxc7 24.Rxf3 Rcf7 25.Ne2 f5 26.exf5 gxf5 27.g5 Bd5 28.R3f2 c4 29.Nf4 Re8
30.dxc4 Bxc4 31.Rd1 Rd7 32.Kc1 Rxd1+ 33.Kxd1 Re3 34.Kd2 Rg3 35.h4 Bf7 36.Ne2 Rg4
37.Rf4 h6 38.Rxg4 fxg4 39.gxh6 Kh7 40.a3 Kxh6 41.Ng3 a5 42.Ke3 a4 43.Kf4 Be6
44.Ke5 Bd5 45.Kf6 b5 46.c3 Bg2 47.Kf5 Bf3 48.Kf4 Kg6 49.Nf5 Kh5 50.Kg3 Bd5
51.Nd4 Be4 52.Ne6 Bf5 53.Nd8 Be4 54.Nf7 Kg6 55.Ne5+ Kf5 56.Nxg4 c5 57.Nf2 Bc2
58.Kf3 Ke5 59.Ke3 Kd5 60.h5 Bh7 61.Ng4 Kc4 62.Nf6 Bc2 63.Kf4 Bd3 64.h6 Bg6
65.Nd7 Kb3 66.Nf8 Bd3 67.Kg5 Kxb2 68.Ng6 Bxg6 69.Kxg6 Kxa3 70.h7 Kb3 71.h8=Q a3
72.Qh1 a2 73.Qc1  1-0